|
|
|
|
| LEADER |
00000cam a2200000 7i4500 |
| 001 |
0000009827 |
| 005 |
20241004.0 |
| 008 |
011117 enka eng |
| 020 |
|
|
|a 0749416807
|
| 040 |
|
|
|a INS
|b eng
|e rda
|
| 090 |
0 |
0 |
|a HF5549.5.T7
|b W315 1995
|
| 100 |
1 |
|
|a Wade, Pamela A. ,
|e author
|
| 245 |
1 |
0 |
|a Measuring the impact of training :
|b A practical to calculating measurable results
|c Pamela A. Wade
|
| 264 |
|
1 |
|a London :
|b Kogan Page
|c 1995
|
| 300 |
|
|
|a 105 pages :
|b illustrations ;
|c 25 cm.
|
| 336 |
|
|
|a text
|2 rdacontent
|
| 337 |
|
|
|a unmediated
|2 rdamedia
|
| 338 |
|
|
|a volume
|2 rdacarrier
|
| 650 |
|
0 |
|a Employees
|x Training
|
| 999 |
|
|
|a 0000008508
|b BOOK
|c Open Shelf
|e Default branch
|